LDR 00776naa#a2200229#i#450# 001 EN\\bibl\126682 005 20260701074608.3 011 ## _a2074-9414 100 ## _a20260630b2026####ek#y0engy0150####ca 101 0# _aRUS 102 ## _aRU 200 1# _aStudy of the Structure, Production Methods, and Application of Fucoidan _eJournal article 210 1# _aKemerovo _cKemerovo State University _d2026 215 ## _a20 с. 608 ## _aJournal article _2local 675 ## _aСельское хозяйство. Лесное хозяйство. Охота. Рыбное хозяйство. 63 _zRUS 700 #1 _aMalkov _gDanil I. 700 #1 _aSukhikh _gStanislav A. 700 #1 _aKashirskich _gEgor V. 700 #1 _aBalashova _gKsenia A. 700 #1 _aBarzkar _gNoora 856 4# _amoloprom.kemsu.ru _u